| 000 | 00666nam a22002177a 4500 | ||
|---|---|---|---|
| 003 | OSt | ||
| 005 | 20240612122838.0 | ||
| 008 | 240612b |||||||| |||| 00| 0 eng d | ||
| 020 | _a0198596855 | ||
| 040 | _cMUST | ||
| 082 | _a515.4 ERG 1991 | ||
| 245 |
_aErgodic theory,symbolic dynamics,and hyperbolic spaces/ _cEdited by Tim Bedford, Michael keane and Caroline Series |
||
| 260 |
_aOxford: _bOxford University press; _cc1991. |
||
| 300 |
_axv,369p.; _bill; _c23cm |
||
| 504 | _aIncludes Bibliography | ||
| 600 | _2ergodic theory | ||
| 700 |
_aBedford,Tim _917129 |
||
| 700 |
_akeane Micheal _917130 |
||
| 700 |
_aSeries ,Caroline _917131 |
||
| 942 |
_2ddc _cO_SHELF |
||
| 999 |
_c8430 _d8430 |
||